[Event "XII C.to Italiano U20"]
[Site "Bratto - Castione della Presolana ITA"]
[Date "2004.08.23"]
[Round "4"]
[White "Pomaro, Alberto"]
[Black "Finocchiaro, Gianluca"]
[Result "1-0"]
[WhiteElo "1727"]
[BlackElo "1505"]
[PlyCount "91"]
[EventDate "2004.08.20"]

1. c4 Nf6 2. Nf3 g6 3. g3 d6 4. Bg2 Bg7 5. Nc3 Nc6 6. O-O O-O 7. d4 e5 8. d5
Ne7 9. e4 Bd7 10. Be3 a6 11. Qe2 Ne8 12. Nd2 f5 13. f4 exf4 14. Bxf4 Nf6 15. e5
Nh5 16. e6 Nxf4 17. gxf4 Be8 18. Qe3 Qc8 19. Rf3 c5 20. Qe1 b5 21. b3 b4 22.
Ne2 Bxa1 23. Qxa1 a5 24. Rg3 a4 25. Qb2 Qa6 26. Nc1 axb3 27. Rxb3 Ba4 28. Rg3
Be8 29. h4 b3 30. Rxb3 Ba4 31. h5 gxh5 32. Rb7 Ra7 33. Rb6 Qa5 34. Rxd6 Ra6 35.
Ncb3 Bxb3 36. Rd7 Qxa2 37. Qxb3 Qxd2 38. Rxe7 Ra1+ 39. Kh2 Qxf4+ 40. Qg3+ Qxg3+
41. Kxg3 Rc1 42. d6 Rxc4 43. d7 f4+ 44. Kh2 Rd4 45. Re8 Kg7 46. e7 1-0

[Event "XII C.to Italiano U20"]
[Site "Bratto - Castione della Presolana ITA"]
[Date "2004.08.23"]
[Round "4"]
[White "Procacci, Sergio"]
[Black "Xia, Jie"]
[Result "0-1"]
[WhiteElo "1756"]
[BlackElo "2126"]
[PlyCount "66"]
[EventDate "2004.08.20"]

1. Nf3 Nf6 2. g3 g6 3. Bg2 Bg7 4. d3 d5 5. O-O O-O 6. c3 c5 7. Qc2 Nc6 8. e4 e6
9. b3 b5 10. Bb2 Qb6 11. Nbd2 Bb7 12. Rab1 Rfd8 13. a3 a5 14. Rfe1 dxe4 15.
dxe4 Ng4 16. h3 Nge5 17. Nxe5 Nxe5 18. Re3 Bh6 19. Re2 Nd3 20. c4 Nxb2 21. Rxb2
b4 22. a4 Rd7 23. Rb1 Rad8 24. Rd1 Rd4 25. e5 Bxg2 26. Kxg2 Qb7+ 27. Kg1 Qd7
28. f4 Rd3 29. Kg2 g5 30. Rf2 gxf4 31. gxf4 Kh8 32. Kh2 Qd4 33. Nf3 Qxf4+ 0-1

[Event "XII C.to Italiano U20"]
[Site "Bratto - Castione della Presolana ITA"]
[Date "2004.08.23"]
[Round "4"]
[White "Reginato, Mauro"]
[Black "Battaglia, Edoardo"]
[Result "0-1"]
[WhiteElo "1574"]
[BlackElo "1877"]
[PlyCount "64"]
[EventDate "2004.08.20"]

1. e4 c6 2. d4 d5 3. e5 c5 4. c3 Nc6 5. Nf3 Bg4 6. Be2 e6 7. O-O Qb6 8. h3 Bxf3
9. Bxf3 cxd4 10. cxd4 Qxd4 11. Qb3 Qb6 12. Qxb6 axb6 13. Re1 Nb4 14. Bd1 Nd3
15. Re3 Nxc1 16. a3 Rc8 17. Ba4+ Kd8 18. Nd2 Bc5 19. Rxc1 Bxe3 20. Rxc8+ Kxc8
21. fxe3 Ne7 22. g4 Nc6 23. Nf3 Kd7 24. Kf2 Ke7 25. h4 Rc8 26. Kg3 Na5 27. Nd4
Nc4 28. Bc2 Nxe5 29. Kf4 Ng6+ 30. Kg5 Rc4 31. Bd3 Rxd4 32. exd4 f6+ 0-1

[Event "XII C.to Italiano U20"]
[Site "Bratto - Castione della Presolana ITA"]
[Date "2004.08.23"]
[Round "4"]
[White "Rombaldoni, Brian"]
[Black "Mora, Lorenzo"]
[Result "0-1"]
[WhiteElo "1452"]
[BlackElo "1844"]
[PlyCount "62"]
[EventDate "2004.08.20"]

1. d4 Nf6 2. Nf3 g6 3. Nbd2 d6 4. e4 Nbd7 5. b3 Bg7 6. Bb2 O-O 7. Bd3 c5 8. d5
a6 9. c4 Ng4 10. Bxg7 Kxg7 11. h3 Nge5 12. Nxe5 Nxe5 13. Be2 e6 14. f4 Nd7 15.
dxe6 fxe6 16. O-O Qh4 17. Bg4 Nf6 18. Be2 Bd7 19. Qe1 Qxe1 20. Raxe1 Bc6 21.
Bd3 d5 22. g4 Rad8 23. Bc2 b5 24. exd5 exd5 25. cxd5 Nxd5 26. f5 Nb4 27. f6+
Kg8 28. Nf3 Nxc2 29. Rc1 Rxf6 30. Ne5 Rxf1+ 31. Kxf1 Be4 0-1

[Event "XII C.to Italiano U20"]
[Site "Bratto - Castione della Presolana ITA"]
[Date "2004.08.23"]
[Round "4"]
[White "Rostolis, Riccardo"]
[Black "Cacciola, Alfredo"]
[Result "0-1"]
[WhiteElo "1709"]
[BlackElo "2052"]
[PlyCount "63"]
[EventDate "2004.08.20"]

1. e4 c5 2. Nf3 d6 3. d4 cxd4 4. Nxd4 Nf6 5. Nc3 g6 6. Be3 Bg7 7. f3 Nc6 8. Bc4
O-O 9. Qd2 Bd7 10. O-O-O Ne5 11. Bb3 Rc8 12. Bh6 Nc4 13. Bxc4 Rxc4 14. Bxg7
Kxg7 15. g4 Qa5 16. Kb1 Be6 17. h4 Rfc8 18. h5 Rxc3 19. Nxe6+ fxe6 20. bxc3 g5
21. Rhe1 h6 22. Re3 Rc4 23. Qd3 Qb5+ 24. Ka1 e5 25. Rb1 Qc6 26. Rxb7 Kf7 27.
Rb4 Rc5 28. Rb3 Nd7 29. Re1 Nb6 30. Reb1 Nc4 31. Rb5 Rxb5 32. Rd1 0-1

[Event "XII C.to Italiano U20"]
[Site "Bratto - Castione della Presolana ITA"]
[Date "2004.08.23"]
[Round "4"]
[White "Santacroce, Fidel"]
[Black "Basso, Piergiorgio"]
[Result "1-0"]
[WhiteElo "1661"]
[BlackElo "1742"]
[PlyCount "61"]
[EventDate "2004.08.20"]

1. e4 c5 2. Nf3 d6 3. d4 cxd4 4. Nxd4 Nf6 5. Nc3 e6 6. Be3 Be7 7. Be2 a6 8. Qd2
Nbd7 9. f3 Qc7 10. g4 Nc5 11. h4 h5 12. g5 Nfd7 13. b4 e5 14. Nf5 Ne6 15. Nd5
Qd8 16. Ndxe7 g6 17. Nxc8 Rxc8 18. Nxd6+ Ke7 19. Nxc8+ Qxc8 20. Rd1 Qc7 21. b5
Nf4 22. Bxf4 exf4 23. bxa6 bxa6 24. Qb4+ Ke8 25. Bxa6 Qa7 26. Qd4 Qxd4 27. Rxd4
Ne5 28. Kf2 Ke7 29. a4 Rb8 30. Bb5 Rc8 31. c4 1-0

[Event "XII C.to Italiano U20"]
[Site "Bratto - Castione della Presolana ITA"]
[Date "2004.08.23"]
[Round "4"]
[White "Scharrer, Patrick"]
[Black "Pace, Pietro Dario"]
[Result "1/2-1/2"]
[WhiteElo "2193"]
[BlackElo "2133"]
[PlyCount "184"]
[EventDate "2004.08.20"]

1. e4 e5 2. Nf3 Nc6 3. Bb5 a6 4. Ba4 Nf6 5. O-O b5 6. Bb3 Bc5 7. c3 d6 8. a4
Rb8 9. d4 Bb6 10. axb5 axb5 11. Na3 Bg4 12. Nxb5 O-O 13. Bg5 h6 14. Bd5 Ne7 15.
Bxf6 gxf6 16. Bc4 c6 17. Na3 d5 18. Be2 Ng6 19. exd5 cxd5 20. dxe5 fxe5 21. h3
Be6 22. Nc2 Nf4 23. Ne3 Bc7 24. Qd2 Kh8 25. Ng4 Rg8 26. g3 Nxh3+ 27. Kh2 Nf4
28. Nfxe5 Rxg4 29. Nxg4 Qg5 30. Qd4+ Kg8 31. Nf6+ Kh8 32. Ne4+ Qg7 33. Qxg7+
Kxg7 34. gxf4 dxe4 35. Rg1+ Kf6 36. Bg4 Bxf4+ 37. Kh3 Bc4 38. Rge1 Bd3 39. b4
Bd2 40. Red1 Bxc3 41. Ra3 Be5 42. Raxd3 exd3 43. Rxd3 Rxb4 44. Bh5 Ke6 45. Rf3
f5 46. Bg6 Bf4 47. Be8 Ke5 48. Ra3 Ke6 49. Ra6+ Ke7 50. Bg6 Rb5 51. Kg2 Bd6 52.
Ra4 Kf6 53. Bh5 Kg5 54. Bf7 h5 55. Ra6 Be7 56. Ra4 h4 57. Be6 Rc5 58. Bf7 Rc3
59. f3 Rc2+ 60. Kh3 Bd6 61. Ra2 Rc1 62. Kg2 Be5 63. Bd5 Bd4 64. Ra4 Be3 65. Ra3
Bd4 66. Ra4 Rd1 67. Ra2 Kf4 68. Re2 Be3 69. Bc6 Rd6 70. Bb7 Rg6+ 71. Kh3 Rb6
72. Bd5 Rd6 73. Bb7 Rd1 74. Kg2 Rg1+ 75. Kh2 Rg7 76. Bc6 h3 77. Kxh3 Bg1 78.
Bd5 Rg3+ 79. Kh4 Bd4 80. Kh5 Bc5 81. Kh6 Bf8+ 82. Kh7 Rg7+ 83. Kh8 Rd7 84. Bc6
Rc7 85. Bd5 Kg5 86. Re6 Bg7+ 87. Kg8 Bf6 88. Rc6 Rd7 89. Be6 Re7 90. Bf7 Re3
91. f4+ Kxf4 92. Rxf6 Rg3+ 1/2-1/2

[Event "XII C.to Italiano U20"]
[Site "Bratto - Castione della Presolana ITA"]
[Date "2004.08.23"]
[Round "4"]
[White "Tomba, Ivan"]
[Black "Ronchetti, Niccolo'"]
[Result "1-0"]
[WhiteElo "2292"]
[BlackElo "2216"]
[PlyCount "77"]
[EventDate "2004.08.20"]

1. e4 c5 2. Nf3 Nc6 3. d4 cxd4 4. Nxd4 Nf6 5. Nc3 e5 6. Ndb5 d6 7. Nd5 Nxd5 8.
exd5 Nb8 9. c4 Be7 10. Be2 O-O 11. O-O Nd7 12. Qc2 f5 13. f4 a6 14. Nc3 Bf6 15.
Kh1 exf4 16. Bxf4 Ne5 17. Be3 Qe7 18. Qd2 g5 19. c5 f4 20. Bg1 Bf5 21. Na4 g4
22. cxd6 Qg7 23. Qxf4 Bg5 24. Qd4 Qg6 25. Nc5 Bf6 26. Qe3 Bg7 27. Ne6 Bxe6 28.
dxe6 Qxe6 29. Rfd1 Kh8 30. Qe4 Rad8 31. Bc5 Qh6 32. d7 Rf7 33. Rd5 Qe6 34. Bd3
Bf6 35. Bd4 Re7 36. Re1 Rdxd7 37. Rxd7 Qxd7 38. Bc5 Qxd3 39. Bxe7 1-0

[Event "XII C.to Italiano U20"]
[Site "Bratto - Castione della Presolana ITA"]
[Date "2004.08.23"]
[Round "4"]
[White "Vignoli, Matteo"]
[Black "Adami, Roberto"]
[Result "1-0"]
[WhiteElo "1808"]
[BlackElo "1652"]
[PlyCount "66"]
[EventDate "2004.08.20"]

1. e4 c5 2. Nf3 e6 3. d4 cxd4 4. Nxd4 Nf6 5. Nc3 d6 6. Be3 a6 7. f3 Be7 8. g4
Nfd7 9. Bf2 Bh4 10. Qd2 Qg5 11. f4 Bxf2+ 12. Qxf2 Qe7 13. O-O-O O-O 14. g5 b5
15. h4 Bb7 16. Bg2 b4 17. Nce2 Nc5 18. Ng3 Nbd7 19. Rhf1 f6 20. Qd2 fxg5 21.
hxg5 a5 22. Rh1 Qf7 23. Nde2 Ra6 24. Rh4 Rc8 25. Rdh1 Nf8 26. Kb1 Qc7 27. f5 e5
28. g6 h6 29. Rg4 Rc6 30. Qd5+ Nce6 31. fxe6 Qe7 32. Nf5 Qxe6 33. Qxe6+ Nxe6
1-0

[Event "XII C.to Italiano U20"]
[Site "Bratto - Castione della Presolana ITA"]
[Date "2004.08.23"]
[Round "4"]
[White "Vocaturo, Daniele"]
[Black "Seminara, Antonio"]
[Result "1-0"]
[WhiteElo "2221"]
[BlackElo "1937"]
[PlyCount "59"]
[EventDate "2004.08.20"]

1. e4 c5 2. Nf3 Nc6 3. d4 cxd4 4. Nxd4 e5 5. Nb5 a6 6. Nd6+ Bxd6 7. Qxd6 Qf6 8.
Qd1 Nge7 9. Nc3 O-O 10. Be3 b5 11. Qd2 Rb8 12. O-O-O Rd8 13. g4 d6 14. g5 Qg6
15. f3 Be6 16. h4 f5 17. h5 Qe8 18. Nd5 f4 19. Bg1 a5 20. h6 Bxd5 21. exd5 Nb4
22. a3 Nbxd5 23. hxg7 Ne3 24. Bxe3 fxe3 25. Qxe3 Kxg7 26. Rxd6 Rxd6 27. Qxe5+
Kg8 28. Qxd6 Nf5 29. Qd5+ Kh8 30. Bd3 1-0

[Event "XII C.to Italiano U20"]
[Site "Bratto - Castione della Presolana ITA"]
[Date "2004.08.24"]
[Round "5"]
[White "Adami, Roberto"]
[Black "Lampl, Gerald"]
[Result "1/2-1/2"]
[WhiteElo "1652"]
[BlackElo "1841"]
[PlyCount "122"]
[EventDate "2004.08.20"]

1. e4 e5 2. Nf3 Nc6 3. d4 exd4 4. Bc4 Bc5 5. c3 d3 6. Bxd3 Nge7 7. O-O O-O 8.
e5 Ng6 9. Re1 Re8 10. Bg5 Be7 11. Bxe7 Rxe7 12. Bxg6 hxg6 13. Re3 b6 14. Nbd2
Ba6 15. Qa4 Bb7 16. Qh4 Re6 17. Qg4 d6 18. exd6 Rxd6 19. Rae1 Rxd2 20. Re8+
Qxe8 21. Rxe8+ Rxe8 22. Nxd2 Re1+ 23. Nf1 Ba6 24. h3 Rxf1+ 25. Kh2 Rxf2 26. Qd7
Rf6 27. Qxc7 Bc4 28. b3 Bd3 29. b4 Bb1 30. a4 Bc2 31. b5 Na5 32. Qxa7 Bb3 33.
Qa8+ Kh7 34. Qe4 Bc4 35. Qe3 Re6 36. Qd4 g5 37. Qg4 Rg6 38. Qe4 Bb3 39. g3 Bc4
40. h4 gxh4 41. gxh4 Kh6 42. Qe3+ Kh5 43. Qe5+ Kxh4 44. Qf4+ Kh5 45. Qe5+ Kh6
46. Qe3+ Kh7 47. Qe4 Be6 48. Qd4 Rh6+ 49. Kg3 Bc4 50. Kf2 Rf6+ 51. Kg3 Bb3 52.
Qh4+ Kg8 53. Qd4 Nc4 54. Qd8+ Kh7 55. Qd3+ g6 56. Qd4 Rd6 57. Qf4 Kg7 58. Kh4
Rd5 59. Kg3 Rd3+ 60. Kh4 Rd5 61. Kg3 Rd3+ 1/2-1/2

[Event "XII C.to Italiano U20"]
[Site "Bratto - Castione della Presolana ITA"]
[Date "2004.08.24"]
[Round "5"]
[White "Angelini, Marco"]
[Black "Bellemo, Davide"]
[Result "0-1"]
[WhiteElo "1682"]
[BlackElo "1712"]
[PlyCount "82"]
[EventDate "2004.08.20"]

1. e4 e5 2. Nf3 Nc6 3. Bb5 a6 4. Ba4 Nf6 5. O-O Be7 6. Re1 b5 7. Bb3 d6 8. c3
Na5 9. Bc2 c5 10. h3 O-O 11. d4 Qc7 12. Nbd2 Re8 13. d5 Nb7 14. Nf1 c4 15. Ng3
Nc5 16. Nh2 Bf8 17. Nhf1 g6 18. Bg5 Bg7 19. Qd2 Bd7 20. Bh6 a5 21. Bxg7 Kxg7
22. f4 Rab8 23. Nh2 b4 24. Rf1 bxc3 25. bxc3 Rb2 26. Rab1 Rxa2 27. Qc1 Nd3 28.
Bxd3 cxd3 29. fxe5 dxe5 30. Qe3 Qxc3 31. Qf3 Qc5+ 32. Kh1 Qd6 33. Qxd3 a4 34.
Ra1 Rb2 35. Nf3 Bb5 36. Qc3 Rb3 37. Qc2 Bxf1 38. Rxf1 Reb8 39. Qa2 a3 40. Qa1
Rb2 41. Rc1 a2 0-1

[Event "XII C.to Italiano U20"]
[Site "Bratto - Castione della Presolana ITA"]
[Date "2004.08.24"]
[Round "5"]
[White "Basso, Piergiorgio"]
[Black "Perico', Alessandro"]
[Result "0-1"]
[WhiteElo "1742"]
[BlackElo "1685"]
[PlyCount "146"]
[EventDate "2004.08.20"]

1. e4 e6 2. d4 d5 3. e5 c5 4. c3 Qb6 5. Nf3 Nc6 6. Bd3 Bd7 7. O-O cxd4 8. cxd4
Nxd4 9. Nxd4 Qxd4 10. Nc3 a6 11. Re1 Ne7 12. Be3 Qb4 13. Ne2 Nc6 14. Bd2 Qb6
15. Nc3 Bc5 16. Be3 Bxe3 17. Rxe3 d4 18. Na4 Qa5 19. Re4 Nxe5 20. Bc2 d3 21.
Bxd3 Nxd3 22. Qxd3 Bxa4 23. Qa3 b5 24. b3 Qc3 25. Rae1 Bxb3 26. axb3 Qc6 27. f4
Qb6+ 28. Kh1 Rd8 29. h3 Rd6 30. f5 O-O 31. f6 Rd2 32. fxg7 Rfd8 33. Rf1 Rf2 34.
Rxf2 Qxf2 35. Qe7 Qf1+ 36. Kh2 Qd1 37. Rf4 Qd7 38. Qf6 e5 39. Rh4 Qd6 40. Qf5
e4+ 41. Rf4 Qg6 42. Qe5 Qd6 43. Qxe4 Kxg7 44. Qf5 Rd7 45. Qg5+ Kf8 46. h4 Re7
47. Qg3 Re6 48. Kh3 Qd1 49. Qc3 Qh1+ 50. Kg3 Rg6+ 51. Rg4 Rxg4+ 52. Kxg4 Qxg2+
53. Kf4 Qg6 54. Qc8+ Kg7 55. Kf3 Qe6 56. Qc7 Qxb3+ 57. Kf2 Qb2+ 58. Ke3 Qb3+
59. Kf2 Qe6 60. Qg3+ Qg6 61. Qh3 b4 62. h5 Qc2+ 63. Kf1 Qd1+ 64. Kf2 Qd2+ 65.
Kf1 a5 66. Qg4+ Kh6 67. Qg8 Qd1+ 68. Kf2 Qxh5 69. Qf8+ Kg5 70. Qc5+ Kh4 71.
Qd4+ Qg4 72. Qf6+ Kh3 73. Qd6 Qg2+ 0-1

[Event "XII C.to Italiano U20"]
[Site "Bratto - Castione della Presolana ITA"]
[Date "2004.08.24"]
[Round "5"]
[White "Bdair, Bilal"]
[Black "Bonagura, Stefano"]
[Result "0-1"]
[WhiteElo "2012"]
[BlackElo "1784"]
[PlyCount "68"]
[EventDate "2004.08.20"]

1. d4 Nf6 2. c4 g6 3. Nc3 Bg7 4. e4 d6 5. Nge2 O-O 6. Ng3 Nbd7 7. Be2 e5 8. d5
Ne8 9. h4 f5 10. exf5 gxf5 11. Bg5 Ndf6 12. Nh5 c6 13. Qd2 Rf7 14. Nxg7 Nxg7
15. h5 c5 16. h6 Nge8 17. Bh5 Rf8 18. Bh4 Kh8 19. O-O-O a6 20. Rdg1 b5 21. g4
b4 22. Nb1 fxg4 23. Bxg4 Bxg4 24. Rxg4 Qa5 25. Rg2 Qxa2 26. Rhg1 Qxc4+ 27. Kd1
Ne4 28. Qe3 Qd4+ 29. Qxd4 exd4 30. Be7 Nc7 31. Nd2 Nxd2 32. Rg8+ Rxg8 33. Bf6+
Rg7 34. Rxg7 Ne4 0-1

[Event "XII C.to Italiano U20"]
[Site "Bratto - Castione della Presolana ITA"]
[Date "2004.08.24"]
[Round "5"]
[White "Berardi, Alessandro"]
[Black "Bartolini, Leonardo"]
[Result "1-0"]
[WhiteElo "1577"]
[BlackElo "1574"]
[PlyCount "101"]
[EventDate "2004.08.20"]

1. e4 c5 2. Nf3 g6 3. c3 Bg7 4. d4 cxd4 5. cxd4 d5 6. Bb5+ Bd7 7. Bxd7+ Qxd7 8.
e5 Nc6 9. Nc3 f6 10. Be3 fxe5 11. dxe5 Nxe5 12. Nxe5 Bxe5 13. Nxd5 Rd8 14. Nc3
Qxd1+ 15. Nxd1 a6 16. O-O Nf6 17. h3 Kf7 18. Re1 Bb8 19. Nc3 Nd5 20. Bd4 Rhe8
21. a3 Nxc3 22. Bxc3 Rd7 23. Re2 Red8 24. Rae1 Bd6 25. g3 b5 26. Re3 Bc5 27.
Rf3+ Kg8 28. Kg2 Rf8 29. Rxf8+ Kxf8 30. Re6 Rd6 31. Re5 Bd4 32. Bxd4 Rxd4 33.
Kf3 Rd2 34. b4 Rd6 35. h4 h6 36. Ke4 Ke8 37. h5 Kf7 38. hxg6+ Kxg6 39. Rxe7 Kf6
40. Re8 Kg6 41. f4 Kf6 42. Re5 Kg6 43. g4 Kf6 44. Rd5 Rc6 45. Rc5 Rd6 46. g5+
hxg5 47. fxg5+ Ke7 48. Kf5 Kf7 49. Rc7+ Kg8 50. Re7 Kf8 51. Re6 1-0

[Event "XII C.to Italiano U20"]
[Site "Bratto - Castione della Presolana ITA"]
[Date "2004.08.24"]
[Round "5"]
[White "Boscolo, Marco"]
[Black "Damia, Angelo"]
[Result "1/2-1/2"]
[WhiteElo "1898"]
[BlackElo "2129"]
[PlyCount "96"]
[EventDate "2004.08.20"]

1. e4 c5 2. Nf3 d6 3. d4 cxd4 4. Nxd4 Nf6 5. Nc3 g6 6. Be3 Bg7 7. f3 O-O 8. Qd2
Nc6 9. Bc4 Bd7 10. h4 h5 11. O-O-O Rc8 12. Bb3 Na5 13. Bg5 Nc4 14. Qe2 Ne5 15.
Qd2 a6 16. g4 Nc4 17. Qe2 Nxb2 18. Kxb2 Rxc3 19. Kxc3 Qa5+ 20. Kb2 Rc8 21. Qd2
Qb6 22. c3 a5 23. Bxf6 Bxf6 24. gxh5 a4 25. hxg6 axb3 26. gxf7+ Kxf7 27. axb3
Be6 28. Qc2 Qc5 29. Rd3 Ra8 30. Kb1 Qb6 31. Nxe6 Qa6 32. Kc1 Kxe6 33. Kd2 Qb6
34. Re3 Be5 35. Re2 Rc8 36. Qd3 Bxc3+ 37. Qxc3 Rxc3 38. Kxc3 Qc5+ 39. Kb2 Qd4+
40. Kc2 Qc5+ 41. Kb2 b5 42. Rhh2 b4 43. Rc2 Qd4+ 44. Ka2 Qa7+ 45. Kb1 Qe3 46.
Kb2 Qxf3 47. h5 Qf6+ 48. Ka2 Qh6 1/2-1/2

[Event "XII C.to Italiano U20"]
[Site "Bratto - Castione della Presolana ITA"]
[Date "2004.08.24"]
[Round "5"]
[White "Brunello, Sabino"]
[Black "Pace, Pietro Dario"]
[Result "1-0"]
[WhiteElo "2193"]
[BlackElo "2133"]
[PlyCount "51"]
[EventDate "2004.08.20"]

1. e4 e5 2. Nf3 Nc6 3. d4 exd4 4. Nxd4 Nf6 5. Nxc6 bxc6 6. e5 Qe7 7. Qe2 Nd5 8.
c4 Nb6 9. Nc3 Qe6 10. Qe4 Bb4 11. Bd2 O-O 12. Bd3 g6 13. O-O Ba6 14. b3 Rfe8
15. Rfe1 f5 16. exf6 Qxf6 17. Qxe8+ Rxe8 18. Rxe8+ Kf7 19. Re3 Kg7 20. Rf3 Qd4
21. Re1 d5 22. Nb5 Qc5 23. Be3 d4 24. Bxd4+ Qxd4 25. Nxd4 Bxe1 26. Ne6+ 1-0

[Event "XII C.to Italiano U20"]
[Site "Bratto - Castione della Presolana ITA"]
[Date "2004.08.24"]
[Round "5"]
[White "Buchicchio, Alessandro"]
[Black "Ferrante, Marco"]
[Result "0-1"]
[WhiteElo "1813"]
[BlackElo "2074"]
[PlyCount "50"]
[EventDate "2004.08.20"]

1. d4 d5 2. c4 c6 3. Nf3 Nf6 4. e3 e6 5. Nc3 Nbd7 6. Bd3 dxc4 7. Bxc4 b5 8. Bd3
a6 9. e4 c5 10. e5 cxd4 11. Nxb5 axb5 12. exf6 gxf6 13. Nxd4 Bb7 14. O-O Qb6
15. Be3 Bc5 16. Bxb5 O-O-O 17. Qc2 Kb8 18. Qa4 Ne5 19. Nc2 Rhg8 20. Ne1 Bxe3
21. fxe3 Qxe3+ 22. Kh1 Rd2 23. Rg1 Ng4 24. Rf1 Nf2+ 25. Rxf2 Qxf2 0-1

[Event "XII C.to Italiano U20"]
[Site "Bratto - Castione della Presolana ITA"]
[Date "2004.08.24"]
[Round "5"]
[White "Buchicchio, Roberto"]
[Black "Rombaldoni, Brian"]
[Result "1-0"]
[WhiteElo "1832"]
[BlackElo "1452"]
[PlyCount "49"]
[EventDate "2004.08.20"]

1. e4 c6 2. d4 d5 3. e5 Bf5 4. Bd3 Bxd3 5. Qxd3 e6 6. Ne2 Ne7 7. Ng3 Ng6 8. O-O
Nd7 9. Be3 Qc7 10. Nd2 O-O-O 11. c3 Be7 12. b4 Rhe8 13. a4 a6 14. b5 cxb5 15.
axb5 axb5 16. Qxb5 Kb8 17. Rfb1 Rc8 18. Qa6 Qc6 19. Qa5 f5 20. Nh5 Rg8 21. c4
Nh4 22. Nf4 dxc4 23. d5 exd5 24. Ba7+ Ka8 25. Bb6+ 1-0

[Event "XII C.to Italiano U20"]
[Site "Bratto - Castione della Presolana ITA"]
[Date "2004.08.24"]
[Round "5"]
[White "Cacciola, Alfredo"]
[Black "Bove, Alessandro"]
[Result "0-1"]
[WhiteElo "2052"]
[BlackElo "2175"]
[PlyCount "160"]
[EventDate "2004.08.20"]

1. e4 e5 2. Nf3 Nc6 3. Bb5 a6 4. Ba4 Nf6 5. O-O b5 6. Bb3 Bb7 7. c3 Nxe4 8. Qe2
d5 9. d3 Nc5 10. Nxe5 Nxe5 11. Qxe5+ Ne6 12. f4 Qd6 13. Nd2 Be7 14. Nf3 O-O 15.
d4 Rfe8 16. Bd2 Qxe5 17. fxe5 c5 18. g4 a5 19. a3 Bc6 20. Bc2 b4 21. axb4 axb4
22. Rfc1 Rxa1 23. Rxa1 Rb8 24. Bc1 g6 25. Ra7 Bd8 26. dxc5 b3 27. Bd1 Nxc5 28.
Be2 Ne4 29. Nd4 Bb6 30. Ra6 Be8 31. Kf1 Bc7 32. Nc6 Bxc6 33. Rxc6 Bxe5 34. Ra6
Nxc3 35. bxc3 Bxc3 36. Rd6 d4 37. Bc4 b2 38. Bxb2 Bxb2 39. Rd7 Rf8 40. Kf2 g5
41. Rd5 h6 42. h4 Rc8 43. Bd3 gxh4 44. Rh5 Bc1 45. Rxh4 Kg7 46. Rh1 Kf6 47. Rf1
Kg5 48. Ke2 Bf4 49. Bf5 Rc3 50. Rh1 Be3 51. Rh5+ Kf6 52. Bd3 Bg5 53. Rh1 Ke5
54. Rf1 Bf4 55. Rh1 f6 56. Rf1 Rb3 57. Rb1 Rc3 58. Rb5+ Kd6 59. Rf5 Bg5 60. Rf1
Ra3 61. Rf2 Ra1 62. Kf3 Ke5 63. Re2+ Kd5 64. Rb2 Ra3 65. Ke2 Ke5 66. Bf5 Re3+
67. Kf1 d3 68. Rb1 Kd4 69. Rd1 Bh4 70. Bd7 Kc3 71. Bb5 Bg5 72. Ba4 Re4 73. Bb5
Rxg4 74. Kf2 d2 75. Be2 Ra4 76. Kf3 Kb2 77. Kf2 Ra3 78. Bf3 Rc3 79. Be2 Rc1 80.
Rf1 Kc2 0-1

[Event "XII C.to Italiano U20"]
[Site "Bratto - Castione della Presolana ITA"]
[Date "2004.08.24"]
[Round "5"]
[White "Cappai, Davide"]
[Black "Scharrer, Patrick"]
[Result "1/2-1/2"]
[WhiteElo "2132"]
[BlackElo "2193"]
[PlyCount "82"]
[EventDate "2004.08.20"]

1. e4 c5 2. Nf3 Nc6 3. d4 cxd4 4. Nxd4 g6 5. c4 Bg7 6. Be3 Nf6 7. Nc3 d6 8. h3
Bd7 9. Be2 O-O 10. O-O Rc8 11. Rc1 Nxd4 12. Bxd4 Bc6 13. Re1 Qa5 14. Nd5 Bxd5
15. exd5 Rfe8 16. Bc3 Qb6 17. Qd4 Qxd4 18. Bxd4 Nd7 19. Be3 Rc7 20. b3 Rec8 21.
g4 a6 22. Kg2 a5 23. g5 a4 24. Bg4 axb3 25. axb3 Ra8 26. Bxd7 Rxd7 27. Rc2 Kf8
28. Rb1 e6 29. dxe6 fxe6 30. Rd2 Ke7 31. Rbd1 Ra5 32. h4 Bc3 33. Rd3 Bb4 34.
Bb6 Rf5 35. Bd4 Bc5 36. Bxc5 Rxc5 37. Re1 b5 38. Rde3 e5 39. f4 bxc4 40. fxe5
dxe5 41. Rxe5+ Rxe5 1/2-1/2

[Event "XII C.to Italiano U20"]
[Site "Bratto - Castione della Presolana ITA"]
[Date "2004.08.24"]
[Round "5"]
[White "Castellano, Fabio Marco"]
[Black "Cantu', Guido"]
[Result "1-0"]
[WhiteElo "1946"]
[BlackElo "1700"]
[PlyCount "69"]
[EventDate "2004.08.20"]

1. e4 c5 2. Nf3 d6 3. d4 cxd4 4. Nxd4 Nf6 5. Nc3 a6 6. Be3 e5 7. Nb3 Be6 8. f3
Be7 9. g4 b5 10. g5 Nfd7 11. Rg1 Nb6 12. Nd5 Bxd5 13. exd5 Qc7 14. Qd2 Nc4 15.
Bxc4 Qxc4 16. Rg4 Qc7 17. a4 bxa4 18. Rgxa4 O-O 19. h4 Rc8 20. c3 Qb7 21. Na5
Qd7 22. Qg2 Bd8 23. Nc4 Kf8 24. h5 Ke7 25. g6 hxg6 26. hxg6 f6 27. f4 Qb5 28.
Rb4 Qxb4 29. cxb4 Rxc4 30. fxe5 fxe5 31. Bg5+ Ke8 32. Bxd8 Kxd8 33. Qg5+ Kc8
34. Qe7 Re4+ 35. Kd2 1-0

[Event "XII C.to Italiano U20"]
[Site "Bratto - Castione della Presolana ITA"]
[Date "2004.08.24"]
[Round "5"]
[White "Chinello, Gianmarco"]
[Black "Braschi, Giancarlo"]
[Result "0-1"]
[WhiteElo "2100"]
[BlackElo "2196"]
[PlyCount "108"]
[EventDate "2004.08.20"]

1. e4 c5 2. f4 d5 3. exd5 Qxd5 4. Nc3 Qd8 5. Nf3 Nc6 6. Bb5 Bd7 7. O-O e6 8.
Kh1 Nd4 9. Nxd4 cxd4 10. Bxd7+ Qxd7 11. Ne4 Ne7 12. b3 Nf5 13. Bb2 Qc6 14. Ng5
h5 15. Qf3 Rc8 16. Rac1 h4 17. c3 d3 18. Qxc6+ Rxc6 19. Rf3 Bd6 20. c4 Ke7 21.
Ne4 Bb8 22. Ba3+ Ke8 23. Bb2 f6 24. Nf2 Ra6 25. a3 Rd6 26. Nxd3 Nd4 27. Bxd4
Rxd4 28. Nc5 Kf7 29. Nxb7 Bxf4 30. Rd1 g5 31. h3 f5 32. c5 e5 33. Nd6+ Ke6 34.
Nb5 Rxd2 35. Rxd2 Bxd2 36. Rd3 Bf4 37. Nxa7 e4 38. Rd1 e3 39. Nb5 Bg3 40. Nd4+
Kf6 41. Ne2 g4 42. hxg4 f4 43. b4 Kg5 44. Rd5+ Kxg4 45. Ng1 h3 46. Nf3 Bh4 47.
c6 Kg3 48. Nxh4 hxg2+ 49. Kg1 Rxh4 50. Rg5+ Kf3 51. Rxg2 e2 52. Rf2+ Ke3 53.
Rxe2+ Kxe2 54. c7 Rh8 0-1

[Event "XII C.to Italiano U20"]
[Site "Bratto - Castione della Presolana ITA"]
[Date "2004.08.24"]
[Round "5"]
[White "Di Caro, Calogero"]
[Black "Kidane, Robel"]
[Result "1-0"]
[WhiteElo "2322"]
[BlackElo "2081"]
[PlyCount "49"]
[EventDate "2004.08.20"]

1. Nf3 Nf6 2. c4 g6 3. Nc3 d5 4. cxd5 Nxd5 5. Qa4+ Bd7 6. Qh4 Nxc3 7. Qd4 f6 8.
Qxc3 e5 9. Nxe5 Be6 10. Nf3 Nc6 11. a3 Bg7 12. b4 O-O 13. Bb2 a6 14. e3 Rf7 15.
Be2 g5 16. Qc2 f5 17. h4 Bxb2 18. Qxb2 Rg7 19. hxg5 b5 20. Rh6 Bd5 21. O-O-O a5
22. g6 hxg6 23. Rdh1 Kf7 24. Rh7 Qf6 25. Ng5+ 1-0

[Event "XII C.to Italiano U20"]
[Site "Bratto - Castione della Presolana ITA"]
[Date "2004.08.24"]
[Round "5"]
[White "Drezzadore, Dario"]
[Black "Buono, Michele"]
[Result "0-1"]
[WhiteElo "1730"]
[BlackElo "2098"]
[PlyCount "62"]
[EventDate "2004.08.20"]

1. e4 c6 2. d4 d5 3. Nc3 dxe4 4. Nxe4 Bf5 5. Ng3 Bg6 6. Nf3 e6 7. Bd3 Bd6 8.
O-O Nf6 9. Bg5 Nbd7 10. c3 Qc7 11. Re1 O-O 12. Ne4 Nxe4 13. Bxe4 Nf6 14. Bxg6
hxg6 15. Ne5 c5 16. Bxf6 gxf6 17. Ng4 Kg7 18. g3 Rh8 19. Qf3 f5 20. dxc5 Qxc5
21. Ne3 Rh3 22. b4 Qc7 23. Nf1 f4 24. Rad1 Rah8 25. Kg2 fxg3 26. fxg3 a5 27.
Qd3 Be5 28. Rc1 Bf6 29. a3 R3h5 30. c4 Qc6+ 31. Qf3 Rxh2+ 0-1